Представление документа в формате RUSMARC

Поле Инд. ПП Название Значение
Тип записи a
Библиографический уровень a
001 Контрольный номер 118399c5ce904986bb7768e1be4250ab
005 Дата корректировки 20181120134542.7
100 a Данные общей обработки 20181004 ||| 0rusy0189 ca
101 0_ a Язык текста rus
102 a Страна публикации RU
200 1_ f Первые сведения об ответственности А.Ю. Ильин, А.С. Куфенко
a Заглавие Правовое регулирование процедуры администрирования доходов бюджетов бюджетной системы Российской Федерации
b Общее обозначение материала Текст
210 d Дата издания 2018
461 _0 1 2000
a Финансовое право
463 _0 1 2000
a №7
v С. 32-35
1 2101
d 2018
1 0019cfcd78a0ec94476aee9031b0857f405
606 a Основная рубрика Финансовое право
610 0_ a Ключевые слова БЮДЖЕТНОЕ ПРАВО
a Ключевые слова БЮДЖЕТ
700 _1 a Фамилия Ильин
b Имя А.Ю.
701 _1 a Фамилия Куфенко
b Имя А.С.
801 _0 a Страна RU
b Организация РГУП
c Дата составления 20181004
g Правила каталогизации PSBO
801 _1 a Страна RU
b Организация РГУП
c Дата составления 20181004
g Правила каталогизации PSBO
901 t Тип документа b
w Контрольный № источника 9cfcd78a0ec94476aee9031b0857f405
905 a Дата ввода 20181004